=LDR 00000nam 2200000 4500 =001 INLIS000000000039245 =005 20130612144903 =008 ***********************************ind** =035 ##$$0010-061300000039245 =041 ##$$a ind =082 ##$$a 813 =090 ##$$a 813, kni t =100 ##$$a Knight, steven =245 ##$$a The Last Word of will wolfkin =650 ##$$a Fiksi =850 ##$$a NBPNMAT